000 00457nam a2200181Ia 4500
001 700
005 20260306140537.0
008 260306t2022||||xx |||||||||||||| ||spa||
041 _aESP
082 _a142.7
_bG24
100 _aGarcía, Pablo Emanuel,
_eAUT
245 0 _aConciencia y yo en la fenomenología de la mente de Dan Zahavi
260 _c2022
300 _a469 páginas :
_c24 cm.
650 _aGEN
654 _aCHU
942 _cLIB
_dJUS
_fJUS
_2ddc
_n
999 _c700
_d700